| 000 | 01095cab a2200253 4500 | ||
|---|---|---|---|
| 001 | ABS54722 | ||
| 008 | 090401t1996 xxu||||| |||| 00| 0 eng d | ||
| 035 | _a(Sirsi) u11977 | ||
| 041 | _aeng | ||
| 100 | _aMatysiak, G. | ||
| 245 | 4 | _aThe long-term inflation-hedging characteristics of UK commercial property | |
| 260 | _c1996 | ||
| 350 | _a0 | ||
| 490 |
_aJournal of Property Finance _v7(1) 1996, 50-61(6) |
||
| 520 | _aBased on a multivariate analysis of long-term total returns and inflation data over the period 1963-1993, shows that commercial property total returns reflect both expected and unexpected components of inflation in the long term. There is no evidence that property returns systematically provide, on an annual basis, hedging characteristics against either if these components. References. (Journal abstract) | ||
| 650 | _aPROPERTY-COMMERCIAL PROPERTY | ||
| 650 | _aHEDGING METHODS | ||
| 650 | _aINFLATION | ||
| 650 | _aMULTIVARIATE ANALYSIS | ||
| 690 | _aPROPERTY-PROPERTY FINANCE AND INVESTMENT | ||
| 700 | _aHoesli, M. | ||
| 942 | _n0 | ||
| 948 | _c04/03/1997 | ||
| 999 |
_c7655 _d7655 |
||